000 00436nam a2200193Ia 4500
005 20240823014318.0
008 240823s9999||||xx |||||||||||||| ||und||
020 _a81-7808-940-8
041 _aENGLISH
082 _A512 P4
100 _aDavid C.Lay
245 0 _aLinear Algebra
250 _a3rd
260 _c2004
_b"Pearson ,Sing"
500 _aYES
650 _aLinear Algebra
_bMathematics
942 _cBK
999 _c169726
_d169726